Explicación histórica de las instituciones del emperador Justiniano (Record no. 161124)
[ view plain ]
| 000 -LEADER | |
|---|---|
| campo de control de longitud fija | 01460nam a2200241 i 4500 |
| 001 - NÚMERO DE CONTROL | |
| campo de control | 161124 |
| 003 - IDENTIFICADOR DE NÚMERO DE CONTROL | |
| campo de control | ES-MaACL |
| 005 - FECHA Y HORA DE LA ÚLTIMA TRANSACCIÓN | |
| campo de control | 20250822063217.0 |
| 008 - DATOS DE LONGITUD FIJA--INFORMACIÓN GENERAL | |
| campo de control de longitud fija | 970827s1877 sp |||| | spa d |
| 100 1# - ENTRADA PRINCIPAL--NOMBRE DE PERSONA | |
| Nombre de persona | Ortolan, Joseph Louis Elzéar, |
| Fechas asociadas al nombre | 1802-1873 |
| 9 (RLIN) | 130724 |
| 245 10 - MENCIÓN DEL TÍTULO | |
| Título | Explicación histórica de las instituciones del emperador Justiniano |
| Resto del título | : con el texto, la traducción al frente y las explicaciones debajo de cada párrafo : precedida de la historia de la legislación romana desde su origen hasta la legislación moderna, y de una generalización del derecho romano, según los textos conocidos antiguamente o más recientemente descubiertos / |
| Mención de responsabilidad, etc. | por M. Ortolan. |
| 250 ## - MENCION DE EDICION | |
| Mención de edición | 4ª ed. rev. y aum. |
| Resto de la mención de edición | traducida por Francisco Pérez de Anaya y Melquiades Pérez Rivas. |
| 260 ## - PUBLICACIÓN, DISTRIBUCIÓN, ETC. | |
| Lugar de publicación, distribución, etc. | Madrid : |
| Nombre del editor, distribuidor, etc. | Librería de Leocadio López, |
| Fecha de publicación, distribución, etc. | 1877 ( |
| Fabricante | Imp., estereotipia y galvanoplastia de Aribau y Cª., sucesores de Rivadeneyra) |
| 300 ## - DESCRIPCIÓN FÍSICA | |
| Extensión | 2 v. (776 ; 815 p.) ; |
| Dimensiones | 23 cm. |
| 505 8# - NOTA DE CONTENIDO CON FORMATO | |
| Nota de contenido con formato | Contiene : t. I. Libros I y II de la Instituta -- t. II. Libros III y IV de la Instituta |
| 594 ## - Nota al título y mención de responsabilidad | |
| Nota al título y mención de responsabilidad | Texto de las Institutiones: paralelo en latín y español y a dos col. |
| 630 07 - PUNTO DE ACCESO ADICIONAL DE MATERIA--TÍTULO UNIFORME | |
| Título uniforme | Corpus juris civilis. |
| Nombre de parte o sección de la obra | Institutiones |
| Fuente del encabezamiento o término | |
| 9 (RLIN) | 135271 |
| 650 #4 - PUNTO DE ACCESO ADICIONAL DE MATERIA--TÉRMINO DE MATERIA | |
| Término de materia o nombre geográfico como elemento de entrada | Derecho romano- |
| Subdivisión general | Interpretación. |
| 9 (RLIN) | 162218 |
| 700 1# - ENTRADA AGREGADA--NOMBRE PERSONAL | |
| Nombre de persona | Pérez de Anaya, Francisco. |
| 9 (RLIN) | 90754 |
| 700 1# - ENTRADA AGREGADA--NOMBRE PERSONAL | |
| Nombre de persona | Pérez Rivas, Melquiades. |
| 9 (RLIN) | 91113 |
| 852 ## - LOCALIZACIÓN | |
| Ubicación | ES-MaACL |
| Número de control de estantería | C-2454-55 |
| Nota libre | - Enc. pasta |
| Estatus retirado | Estado de pérdida | Estado de daño | No para préstamo | Colección | Biblioteca de origen | Biblioteca actual | Ubicación en estantería | Fecha de adquisición | Total de préstamos | Signatura topográfica completa | Código de barras | Visto por última vez | Precio de reemplazo | Tipo de ítem Koha |
|---|---|---|---|---|---|---|---|---|---|---|---|---|---|---|
| Libros del s. XIX | Biblioteca del Ateneo de Madrid | Biblioteca del Ateneo de Madrid | Sala Palomar | 17/01/2008 | C-2454-55 | 1168763 | 23/02/2023 | 23/02/2023 | Libro impreso antiguo |
